Advances in sem of polymers (1984 reviews) (Record no. 53883)

MARC details
000 -LEADER
fixed length control field 00371nam a2200145Ia 4500
100 ## - MAIN ENTRY--AUTHOR NAME
Personal name White J R
245 #0 - TITLE STATEMENT
Title Advances in sem of polymers (1984 reviews)
260 ## - PUBLICATION, DISTRIBUTION, ETC. (IMPRINT)
Name of publisher Rubber Chemistry and Technology
Year of publication 1984
300 ## - PHYSICAL DESCRIPTION
Number of Pages 457-506
650 ## - SUBJECT ADDED ENTRY--TOPICAL TERM
Topical Term 1984 reviews
650 ## - SUBJECT ADDED ENTRY--TOPICAL TERM
Topical Term Polymers
700 ## - ADDED ENTRY--PERSONAL NAME
Personal name Thomas E L
942 ## - ADDED ENTRY ELEMENTS (KOHA)
Koha item type Journals
Holdings
Withdrawn status Lost status Damaged status Not for loan Home library Current library Shelving location Date acquired Serial Enumeration / chronology Koha item type
      Journals RRII Library RRII Library Rubber chemistry 17/12/2021 Volume 57, Issue 3 Journals